La organización ética de la escuela y la transmisión de valores

Gespeichert in:
Bibliographische Detailangaben
1. Verfasser: Duart, Josep María (VerfasserIn)
Format: Buch
Sprache:Spanisch
Veröffentlicht: Barcelona Paidós 1999
Schriftenreihe:Papeles de Pedagogía, 41
Schlagworte:
Tags: Tag hinzufügen
Keine Tags, Fügen Sie den ersten Tag hinzu!

MARC

LEADER 00000nam a2200000 a 4500
001 UCL9793
003 CL-VaPUC
008 040827e19990000SP |||||||||||||||||spa|d
020 |a 8449307260 
082 0 4 |a 370.114  |b DUA  |2 21 
100 0 |a Duart, Josep María  |e author  |9 487675 
245 1 3 |a La organización ética de la escuela y la transmisión de valores 
300 |a 160 p 
942 |c BK 
945 |d 20040827 00:00:00  |a cmena 
260 |a Barcelona  |b Paidós  |c 1999 
650 0 |a Educación moral  |9 308319 
650 0 |a Valores morales   |9 310604 
650 0 |a Filosofía de la educación   |9 258384 
650 0 |a Planificación del currículo  |9 269599 
583 |a last modification  |c 20040827 00:00:00  |k Rodrigo Vera 
490 0 |a Papeles de Pedagogía, 41 
999 |c 310437  |d 310435 
952 |0 0  |1 0  |4 0  |6 370_114000000000000_DUA_1999  |7 0  |8 A  |9 378881  |a BIBEDU  |b BIBEDU  |d 2019-11-21  |i 4054962  |o 370.114 DUA 1999  |p 4054962  |r 2019-11-21  |w 2019-11-21  |y BK  |k EDU